El Código Civil de la República de Chile anotado con las importantes resoluciones de los tribunales i con las opiniones de algunos jurisconsultos franceses
Tallennettuna:
| Päätekijä: | |
|---|---|
| Aineistotyyppi: | Kirja |
| Kieli: | espanja |
| Julkaistu: |
Santiago
Imprenta de La Estrella de Chile
1875
|
| Aiheet: | |
| Tagit: |
Lisää tagi
Ei tageja, Lisää ensimmäinen tagi!
|
MARC
| LEADER | 00000nam a2200000 a 4500 | ||
|---|---|---|---|
| 001 | UCY2991 | ||
| 003 | CL-VaPUC | ||
| 008 | 941205e18750000CL |||||||||||||||||spa|d | ||
| 082 | 0 | 4 | |a 346.83 |b SAN |2 21 |
| 100 | 0 | |a Sanfuentes, Vicente |e author |9 331170 | |
| 245 | 1 | 3 | |a El Código Civil de la República de Chile anotado con las importantes resoluciones de los tribunales i con las opiniones de algunos jurisconsultos franceses |
| 300 | |a 288 p | ||
| 942 | |c BK | ||
| 945 | |d 19941205 00:00:00 |a aalvarez | ||
| 260 | |a Santiago |b Imprenta de La Estrella de Chile |c 1875 | ||
| 650 | 0 | |a Derecho civil |9 255013 | |
| 651 | 7 | |a CHILE |2 CL-VaPUC |9 331171 | |
| 583 | |a last modification |c 19941205 00:00:00 |k Rodrigo Vera | ||
| 999 | |c 231245 |d 231243 | ||
| 952 | |0 0 |1 0 |2 ddc |4 0 |5 1 |6 346_830000000000000_SAN_1875 |7 1 |8 C_LRYV |9 234260 |a FDOBRV |b BIBDER |d 2019-11-15 |i 3039935 |o 346.83 SAN 1875 |p 3039935 |r 2023-01-25 |w 2019-11-15 |y BK_X |k BRV | ||
| 952 | |0 0 |1 0 |2 ddc |4 0 |5 1 |6 346_830000000000000_SAN_1875 |7 1 |8 C_LRYV |9 234261 |a FDOBRV |b BIBDER |d 2019-11-15 |i 1892886 |o 346.83 SAN 1875 |p 1892886 |r 2023-01-25 |w 2019-11-15 |y BK_X |k BRV | ||